000 00321nam a22001337a 4500
008 170630b xxu||||| |||| 00| 0 eng d
020 _a9780205655311
041 _aeng
080 _24 ED
_a82
100 _a22
101 _aGJL
245 _aTHE LONGMAN ANTHOLOGY BTITISH LITERATURE
_cDAMROSCH.D
942 _2udc
_cBK
999 _c19760
_d19760